Lost girls : (Record no. 2300)
[ view plain ]
| 000 -LEADER | |
|---|---|
| fixed length control field | 00711cam a2200229 4500 |
| 001 - CONTROL NUMBER | |
| control field | 2868 |
| 005 - DATE AND TIME OF LATEST TRANSACTION | |
| control field | 20181127165945.0 |
| 008 - FIXED-LENGTH DATA ELEMENTS--GENERAL INFORMATION | |
| fixed length control field | 080219s2008 nyu 000 1 eng |
| 020 ## - INTERNATIONAL STANDARD BOOK NUMBER | |
| International Standard Book Number | 9781416553045 |
| 043 ## - GEOGRAPHIC AREA CODE | |
| Geographic area code | cc----- |
| 100 1# - MAIN ENTRY--PERSONAL NAME | |
| Personal name | Shuman, George D., |
| Dates associated with a name | 1952- |
| 245 10 - TITLE STATEMENT | |
| Title | Lost girls : |
| Remainder of title | a Sherry Moore novel / |
| Statement of responsibility, etc. | George D. Shuman. |
| 260 ## - PUBLICATION, DISTRIBUTION, ETC. | |
| Place of publication, distribution, etc. | New York : |
| Name of publisher, distributor, etc. | Pocket Star Books, |
| Date of publication, distribution, etc. | 2009. |
| 300 ## - PHYSICAL DESCRIPTION | |
| Extent | x, 308 p. ; |
| Dimensions | 18 cm. |
| 650 #0 - SUBJECT ADDED ENTRY--TOPICAL TERM | |
| Topical term or geographic name entry element | Blind women |
| Form subdivision | Fiction. |
| Topical term or geographic name entry element | Human trafficking |
| Form subdivision | Fiction. |
| Topical term or geographic name entry element | Moore, Sherry (Fictitious character) |
| Form subdivision | Fiction. |
| Topical term or geographic name entry element | Psychics |
| Form subdivision | Fiction. |
| 651 #0 - SUBJECT ADDED ENTRY--GEOGRAPHIC NAME | |
| Geographic name | Caribbean Area |
| Form subdivision | Fiction. |
| 655 #7 - INDEX TERM--GENRE/FORM | |
| Genre/form data or focus term | Mystery fiction. |
| Source of term | gsafd |
| Genre/form data or focus term | Suspense fiction. |
| Source of term | gsafd |
| Withdrawn status | Lost status | Source of classification or shelving scheme | Damaged status | Not for loan | Collection code | Home library | Current library | Shelving location | Date acquired | Serial Enumeration / chronology | Inventory number | Total Checkouts | Full call number | Barcode | Date last seen | Date last checked out | Copy number | Price effective from | Koha item type |
|---|---|---|---|---|---|---|---|---|---|---|---|---|---|---|---|---|---|---|---|
| Dewey Decimal Classification | Fiction | RTC Library | RTC Library | Fiction | 07/04/2022 | 5137 | 2 | FIC 813.54 SHU | 30001008 | 03/01/2022 | 06/09/2019 | 27/11/2018 | Fiction |